KPOP GROUP start with letter "D" - Statistics

General Stats
  • This quiz has been taken 69 times
  • The average score is 4 of 10
Answer Stats
Answer % Correct
Dreamcatcher
90%
Day6
62%
DIA
40%
DRIPPIN
40%
DKB
37%
DKZ
37%
Dreamnote
27%
DXMON
25%
Dal★Shabet
23%
D-CRUNCH
15%
No matching quizzes found
Score Distribution
Percent of People with Each Score
Percentile by Number Answered
Your Score History
You have not taken this quiz